Evolución de las export. e import., periodo 1973-1991: proyecto de ingeniería I
Saved in:
| Main Authors: | , |
|---|---|
| 格式: | 圖書 |
| 語言: | 西班牙语 |
| 出版: |
Valparaíso
Universidad Católica de Valparaíso
1992
|
| 主題: | |
| 標簽: |
添加標簽
沒有標簽, 成為第一個標記此記錄!
|
MARC
| LEADER | 00000nam a2200000 a 4500 | ||
|---|---|---|---|
| 001 | UCK0010 | ||
| 003 | CL-VaPUC | ||
| 008 | 040910e19920000CL |||||||||||||||||spa|d | ||
| 082 | 0 | 4 | |a 382 |b GAR |2 21 |
| 100 | |a García Ortiz, Andrés Leonardo |e author |9 820104 | ||
| 700 | 0 | |a Bozzo Fernández, Gianni |e author |9 487942 | |
| 245 | 1 | 0 | |a Evolución de las export. e import., periodo 1973-1991: proyecto de ingeniería I |
| 300 | |a 114 h | ||
| 942 | |c BK | ||
| 945 | |d 20040910 00:00:00 |a cmena | ||
| 260 | |a Valparaíso |b Universidad Católica de Valparaíso |c 1992 | ||
| 650 | 7 | |a COMERCIO INTERNACIONAL |2 CL-VaPUC |9 487943 | |
| 650 | 7 | |a EXPORTACIONES |2 CL-VaPUC |9 255382 | |
| 650 | 7 | |a IMPORTACIONES |2 CL-VaPUC |9 359079 | |
| 651 | 7 | |a CHILE |2 CL-VaPUC |9 487944 | |
| 583 | |a last modification |c 20040910 00:00:00 |k Rodrigo Vera | ||
| 999 | |c 310596 |d 310594 | ||
| 952 | |0 0 |1 0 |4 0 |6 382_000000000000000_GAR_1992 |7 0 |8 A |9 379280 |a BIBMEC |b BIBMEC |d 2019-11-21 |i 212081K |o 382 GAR 1992 |p 212081K |r 2024-01-19 |w 2019-11-21 |y BK |k MEC | ||